| 000 | 00893nam a2200253 a 4500 | ||
|---|---|---|---|
| 001 | 000013968 | ||
| 003 | DO-SdBNP | ||
| 005 | 20250204092150.0 | ||
| 008 | 091202s1975 dr 001 0 spa d | ||
| 040 |
_aDO-SdBNP _bspa _cBNPHU |
||
| 082 | 4 |
_aRD868.44 _bJ94a |
|
| 100 | 1 |
_aJulia, Julio Jaime _d1922-1993 _920185 |
|
| 245 | 1 | 0 |
_aDel árbol del olvido (aporte a la bibliografía de Ligio Vizardi) : _b(aporte a la bibliografía de Ligio Vizardi) / _cJulio Jaime Julia. |
| 260 |
_aSanto Domingo : _bArte y Cine, _c1975. |
||
| 300 |
_a618p. ; _c22 cm. |
||
| 500 | _aIncluye referencias bibliográficas y notas al pie de las páginas. | ||
| 590 | _aInventariado, 2019 /LP | ||
| 650 | 0 |
_aEnsayos dominicanos _965 |
|
| 650 | 4 |
_aPoesía dominicana _924665 |
|
| 650 | 4 | _aCuentos dominicanos | |
| 650 | 4 |
_aDiscursos dominicanos _930689 |
|
| 650 | 4 |
_aCartas dominicanas _914827 |
|
| 942 |
_2ddc _cLBS1 |
||
| 999 |
_c13572 _d13572 |
||